| 000 | 00423nam a22001577a 4500 | ||
|---|---|---|---|
| 020 | _a978-93-5643-482-0 | ||
| 082 |
_a920 _bTHA/A |
||
| 100 | _aTHAROOR, SHASHI | ||
| 245 | _aAMBEDKAR:ORU JEEVITHAM | ||
| 246 |
_aAMBEDKAR: ORU JEEVITHAM _bAMBEDKAR: ORU JEEVITHAM |
||
| 260 |
_aKOTTAYAM _bD C _c2023 |
||
| 300 | _a280 | ||
| 520 | _aBIOGRAPHY OF AMBEDKAR | ||
| 650 | _aBIOGRAPHY OF AMBEDKAR MALAYALAM TRANSLATION | ||
| 942 | _cBK | ||
| 999 |
_c8586 _d8586 |
||